|
|
|
|
| LEADER |
02163nam a2200517 a 4500 |
| 001 |
nkc20071756848 |
| 003 |
CZ PrNK |
| 005 |
20161112235010.0 |
| 007 |
ta |
| 008 |
071002s2007 xr aef f 000 0 cze |
| 015 |
|
|
|a cnb001756848
|
| 020 |
|
|
|a 978-80-86905-21-1
|q (brož.)
|
| 035 |
|
|
|a (OCoLC)190428001
|
| 040 |
|
|
|a BOA001
|b cze
|d ABA001
|
| 043 |
|
|
|a e-xr---
|
| 072 |
|
7 |
|a 349
|x Pracovní, sociální, stavební právo. Právo životního prostředí
|2 Konspekt
|9 16
|
| 080 |
|
|
|a 349.442
|2 MRF
|
| 080 |
|
|
|a 34(091)
|2 MRF
|
| 080 |
|
|
|a (437.3)
|2 MRF
|
| 080 |
|
|
|a (048.8)
|2 MRF
|
| 100 |
1 |
|
|a Ebel, Martin,
|d 1960-
|7 ntka172341
|4 aut
|
| 245 |
1 |
0 |
|a Dějiny českého stavebního práva /
|c Martin Ebel
|
| 250 |
|
|
|a 1. vyd.
|
| 260 |
|
|
|a Praha :
|b ABF - Arch,
|c 2007
|
| 300 |
|
|
|a 255 s., [8] s. barev. obr. příl. :
|b il., plány ;
|c 23 cm
|
| 490 |
1 |
|
|a Stavební právo,
|x 1211-6386 ;
|v sv. 5/2006
|
| 500 |
|
|
|a Pod názvem: Ministerstvo pro místní rozvoj, Ministerstvo průmyslu a obchodu, Česká společnost pro stavební právo
|
| 500 |
|
|
|a Přehled souvisejících řádů, zákonů a předpisů
|
| 504 |
|
|
|a Obsahuje bibliografii a bibliografické odkazy
|
| 650 |
0 |
7 |
|a stavební právo
|7 ph126081
|z Česko
|2 czenas
|
| 650 |
0 |
7 |
|a právní dějiny
|7 ph164957
|z Česko
|2 czenas
|
| 650 |
0 |
9 |
|a building law
|z Czechia
|2 eczenas
|
| 650 |
0 |
9 |
|a history of law
|z Czechia
|2 eczenas
|
| 655 |
|
7 |
|a monografie
|7 fd132842
|2 czenas
|
| 655 |
|
9 |
|a monographs
|2 eczenas
|
| 710 |
1 |
|
|a Česko.
|b Ministerstvo pro místní rozvoj
|7 kn20020414007
|
| 710 |
1 |
|
|a Česko.
|b Ministerstvo průmyslu a obchodu
|7 kn20020321698
|
| 710 |
2 |
|
|a Česká společnost pro stavební právo
|7 kn20020808058
|
| 830 |
|
0 |
|a Stavební právo
|0 s
|
| 856 |
4 |
1 |
|u http://www.digitalniknihovna.cz/mzk/uuid/uuid:88f5e450-8f84-11e6-baa5-005056827e51
|y Digitalizovaný dokument
|x NDK
|
| 910 |
2 |
|
|a BOA001
|b 2-1192.782
|
| 990 |
|
|
|a BK
|
| 995 |
|
|
|a 01
|
| 991 |
|
|
|b 200710
|c NOV
|
| 996 |
6 |
|
|b 2610321927
|c 2-1192.782
|l MZK
|r Sklad / do 1 hodiny
|n 4
|p p.v.
|w 000868493
|u 000010
|a 1
|e BOA001
|j MZK50
|s P
|
| 996 |
7 |
|
|b 2610333800
|c 2-1192.782
|l MZK
|r Sklad / do 1 hodiny
|n 30
|p kup
|w 000868493
|u 000020
|a 1
|e BOA001
|j MZK50
|s A
|